000 00396nam a2200121Ia 4500
008 160712s9999 xx 000 0 und d
100 _aEliserio, U Z.
245 _cU Z. Eliserio
_aIlang Tala Tungkol kay Krishnamurti
260 _c2014
_bDaluyan: Journal ng Wikang Filipino
300 _avol. 20
650 _xFILIPINO
856 _uhttp://journals.upd.edu.ph/index.php/djwf/issue/view/454/showToc
999 _c297160
_d297160